000
00338 a2200169 4500
001
175437
020
_a
85-16-01753-2
040
_c
Magnum
100
_a
Brito, Elias Avancini de
240
1
0
_a
Biologia 3
_l
por
245
1
0
_a
Biologia 3
300
_a
564
362
0
_a
1997
440
1
_a
Moderna
697
_a
BIOLOGIA
942
_c
BK
999
_c
175437
_d
175437